000
00312nam a2200133Ia 4500
008
150201s2008 xx 000 0 und d
082
_a
612.015
_b
M08R
100
_a
RAMBABU,KONDREDDY
245
_a
MTF IN BIOCHEMISTRY
250
_a
1ST
260
_b
AITBS
_a
DELHI
_c
2008
650
_a
BIOCHEMISTRY
942
_2
ddc
_c
BK
999
_c
957
_d
957